GETS Theological Seminary Library

一粒麥籽落土: (Record no. 13245)

MARC details
000 -LEADER
fixed length control field 00649nam a2200205Ia 4500
008 - FIXED-LENGTH DATA ELEMENTS--GENERAL INFORMATION
fixed length control field 200819s9999||||xx |||||||||||||| ||und||
020 ## - INTERNATIONAL STANDARD BOOK NUMBER
International Standard Book Number 9578016158
020 ## - INTERNATIONAL STANDARD BOOK NUMBER
International Standard Book Number 9789578016156
041 ## - LANGUAGE CODE
Language code of text/sound track or separate title chi
050 ## - LIBRARY OF CONGRESS CALL NUMBER
Classification number JC599.T28
Item number .L5 2009
100 ## - MAIN ENTRY--PERSONAL NAME
Personal name  李界木
245 #0 - TITLE STATEMENT
Title 一粒麥籽落土:
Remainder of title 臺灣人權協會與我 /
Statement of responsibility, etc. 李界木
246 ## - VARYING FORM OF TITLE
Title proper/short title 一粒麦籽落土 :
Remainder of title 台湾人权协会与我
260 ## - PUBLICATION, DISTRIBUTION, ETC.
Place of publication, distribution, etc. 台北:
Name of publisher, distributor, etc. 前衛出版 ,
Date of publication, distribution, etc. 2009
300 ## - PHYSICAL DESCRIPTION
Extent 395 p. :
Other physical details ill. ;
Dimensions 24 cm.
650 ## - SUBJECT ADDED ENTRY--TOPICAL TERM
Topical term or geographic name entry element Civil rights.
650 ## - SUBJECT ADDED ENTRY--TOPICAL TERM
Topical term or geographic name entry element Civil rights--Taiwan--History--20th century.
650 ## - SUBJECT ADDED ENTRY--TOPICAL TERM
Topical term or geographic name entry element Human rights--Taiwan--History--20th century.
Holdings
Withdrawn status Lost status Damaged status Not for loan Home library Current library Shelving location Date acquired Total Checkouts Full call number Barcode Date last seen Price effective from Koha item type
        GETS Theological Seminary Library GETS Theological Seminary Library General Stacks 08/19/2020   JC599.T28 .L5 2009 00003163 08/19/2020 08/19/2020 Chinese Book
OpacCredits

Contact the Librarian, GETS Library
Email: library@mygets.org









Implemented by GETS Library
(Powered by ETCA Professional Group)
GETS Theological Seminary
412 E. Rowland Street, CA 91723